Aditívne technológie /

Salvato in:
Dettagli Bibliografici
Autori principali: Madaj, Rudolf (Autore), Kohár, Róbert (Autore)
Natura: Libro
Lingua:slovacco
Pubblicazione: Žilina Edis 2020
Edizione:1. vyd.
Serie:Odborné knižné publikácie
Soggetti:
Tags: Aggiungi Tag
Nessun Tag, puoi essere il primo ad aggiungerne!!

MARC

LEADER 00000nam a22000003a 4500
001 0084511
003 SK-STU
005 20211104135942.9
007 ta
008 201119s ----xo-----e------000-0-----d
020 |a 978-80-554-1685-4 
040 |a STU  |b slo 
041 0 |a slo  |h slo 
044 |a xo 
100 1 |a Madaj, Rudolf  |4 aut 
245 1 0 |a Aditívne technológie /  |c aut. Rudolf Madaj, Róbert Kohár 
250 |a 1. vyd. 
260 |a Žilina  |b Edis  |c 2020 
300 |a 218 s. 
490 0 |a Odborné knižné publikácie 
650 0 7 |a aditívne technológie 
650 0 7 |a výroba prototypov 
700 1 |a Kohár, Róbert  |4 aut 
996 |b 284M088472  |c M* 14382-1  |l MMST  |s A  |a 24  |w 0084511_0001 
996 |b 284M088881  |c M* 14382-2  |l MMST  |s A  |a 24  |w 0084511_0002